An exploratory study of time use among parents of school-aged, physically disabled children /

Bibliographic Details
Main Author: Smith, Ralph Welby, 1942-
Format: Thesis Microform Book
Language:English
Published: [Place of publication not identified] : [publisher not identified] ; 1984.
Subjects:

MARC

Tag First Indicator Second Indicator Subfields
LEADER 00000cam a2200000 a 4500
001 in00000026869
005 20151007054556.0
007 he bmb|||||||
008 851112r19851984orua bb s00010 eng d
035 |a (OCoLC)12784080 
035 |9 AAB5558AM 
040 |a ORU  |c INT  |d INT  |d OCL  |d HPE  |d TXA  |d UtOrBLW 
049 |a TXAI 
099 |a fiche  |a C  |a 9149 
100 1 |a Smith, Ralph Welby,  |d 1942- 
245 1 3 |a An exploratory study of time use among parents of school-aged, physically disabled children /  |c by Ralph Welby Smith. 
264 1 |a [Place of publication not identified] :  |b [publisher not identified] ;  |c 1984. 
300 |a xi, 176 leaves :  |b illustrations 
336 |a text  |b txt  |2 rdacontent 
337 |a microform  |b h  |2 rdamedia 
338 |a microfiche  |b he  |2 rdacarrier 
502 |b Ph. D.  |c Pennsylvania State University  |d 1984. 
500 |a Vita. 
504 |a Bibliography: leaves 107-112. 
533 |a Microfiche.  |b Eugene :  |c Microform Publications, College of Human Development and Performance, University of Oregon,  |d 1985.  |e 2 microfiches : negative ; 11 x 15 cm. 
500 |a Microform. 
650 0 |a Children with disabilities  |x Care and treatment. 
650 0 |a Parent and child. 
650 0 |a Parents  |x Time management. 
999 |a MARS 
999 f f |s 41b451f4-9021-34ac-af10-061ecc6258e7  |i 9e4f0dc3-caa1-3358-9386-605b27143cff  |t 0 
952 f f |p normal  |a Texas A&M University  |b College Station  |c Sterling C. Evans Library  |d Evans: Microforms (3rd floor)  |t 0  |e fiche C 9149  |h Other scheme  |i microform -- microfiche  |m A14822856238 
998 f f |a fiche C 9149  |t 0  |l Evans: Microforms (3rd floor)